Comentarios a la ley del suelo / Jesús González Pérez
Descripción Física:
1465 p. ; 24 cm
MARC
| LEADER | 00000nam a2200000Ia 4500 | ||
|---|---|---|---|
| 001 | 14189 | ||
| 008 | 160829s1968 xx 000 0 cat d | ||
| 080 | |a D-2-97 | ||
| 100 | |a González Pérez, Jesús |9 24886 | ||
| 245 | |a Comentarios a la ley del suelo / Jesús González Pérez | ||
| 260 | |a Madrid : |b Boletín Oficial del Estado, |c 1968 | ||
| 300 | |a 1465 p. ; |c 24 cm | ||
| 590 | |a Índex. | ||
| 590 | |a Notes, referències bibliogràfiques | ||
| 650 | |a Espanya. Ley del Suelo |9 32174 | ||
| 650 | |a Urbanisme |x Dret i legislació |x Espanya |9 25333 | ||
| 650 | |a Sòls |x Dret i legislació |x Espanya |9 29282 | ||
| 901 | |a Arxiu | ||
| 942 | |n 1 | ||
| 952 | |0 1 |1 0 |2 udc |4 0 |5 2 |6 D297 |7 1 |9 45894 |a Arxiu |b Arxiu |d 2016-12-01 |l 0 |o D-2-97 |p 14189 |r 2016-12-01 00:00:00 |w 2016-12-01 |y ARXIU | ||
| 999 | |c 49395 |d 49395 | ||